000 00312nam a22001217a 4500
008 180606b xxu||||| |||| 00| 0 eng d
041 _aeng
080 _a043.3
100 _a0
101 _aMBE-MTH
245 _aKrijimi i ambientit mbështetës për bizneset fillestare në Kosovë
_cKosumi,A
942 _2udc
_cBK
999 _c46459
_d46459